000 00660nam a2200205 a 4500
001 6387
003 BD-RjUL
005 20211208234232.0
008 160621r19671960nyua 000 1 eng
035 _a(BD-RjUL)6427
040 _aDLC
_cFO
_dOCoLC
_dDLC
_dBD-RjUL
_beng
041 _aeng
082 _223
_a398.2
_bMAR 1967
100 1 _aManning-Sanders, Ruth,
_920122
245 1 0 _aRed Indian folk and fairy tales /
_cRuth Manning-Sanders, Illustrated by C. Walter Hodges.
260 _aLondon :
_bOxford University press,
_cc1960 [Reprinted 1967].
300 _a222 p. :
_bill. ;
_c21 cm.
651 _aIndians of North America
_vFolklore.
_9133211
942 _2ddc
_cBK
999 _c6387
_d6387